Marketing (Record no. 34709)

MARC details
000 -LEADER
fixed length control field 00429nam a2200169Ia 4500
008 - FIXED-LENGTH DATA ELEMENTS--GENERAL INFORMATION
fixed length control field 230917s9999||||xx |||||||||||||| ||und||
020 ## - ISBN
Price RS745
040 ## - CATALOGING SOURCE
-- 213388
Original cataloging agency VIVEKANANDA LIBRARY
041 ## - Language
-- English
082 ## - DDC NUMBER
Classification number 658.8 B161M
100 ## - MAIN ENTRY--PERSONAL NAME
Personal name Baines, Fill
245 #0 - TITLE STATEMENT
Title Marketing
260 ## - PUBLICATION, DISTRIBUTION, ETC. (IMPRINT)
Place of publication, distribution, etc New Delhi
Name of publisher, distributor, etc Oxford University press
Date of publication, distribution, etc 2013
300 ## - PHYSICAL DESCRIPTION
Pages xxx, 697 p.
500 ## - GENERAL NOTE
General note 4548 20/12/2013 5639 15/01/2014 IHTM (SFS)
942 ## - ADDED ENTRY ELEMENTS (KOHA)
Koha item type Books
Holdings
Withdrawn status Lost status Damaged status Not for loan Location (home branch) Sublocation or collection (holding branch) Shelving location Date acquired Koha issues (times borrowed) Koha full call number Accession No. Koha date last seen Koha item type
        VIVEKANANDA LIBRARY VIVEKANANDA LIBRARY IHTM Library 20/02/2014   658.8 B161M 335237 17/09/2023 Books
© Designed and Maintained by Vivekananda Library, MDU Rohtak